Città italiane in polacco - Statistics

Statistiche generali
  • Questo quiz è stato fatto 142 volte
  • Il punteggio medio è 11 su 12
Statistiche sulle risposte
polacco Italiano % Corretto
Neapol Napoli
97%
Turyn Torino
97%
Werona Verona
96%
Bolonia Bologna
95%
Katania Catania
94%
Mediolan Milano
92%
Rzym Roma
92%
Genua Genova
91%
Florencja Firenze
90%
Mesyna Messina
90%
Wenecja Venezia
89%
Padwa Padova
85%
Nessun quiz corrispondente trovato
Distribuzione punteggi
Percentuale di utenti per punteggio
Percentile per numero di risposta
I tuoi punteggi nel tempo
Non hai fatto questo quiz